[Event "SVK-chT3B2 2122"]
[Site "Slovakia"]
[Date "2022.05.22"]
[Round "11.3"]
[White "Bujna, Martin"]
[Black "Sunal, Jan"]
[Result "0-1"]
[WhiteElo "1813"]
[BlackElo "1731"]
[PlyCount "56"]
[EventDate "2021.10.24"]
[EventType "team-tourn"]
[EventRounds "11"]
[EventCountry "SVK"]
[SourceTitle "EXT 2024"]
[Source "ChessBase"]
[SourceDate "2023.10.10"]
[SourceVersion "1"]
[SourceVersionDate "2023.10.10"]
[SourceQuality "1"]
[WhiteTeam "Chynorany"]
[BlackTeam "Bojnice"]
[WhiteTeamCountry "SVK"]
[BlackTeamCountry "SVK"]

1. d4 Nf6 2. Nf3 e6 3. Bg5 Be7 4. c4 b6 5. e3 Bb7 6. Nc3 0-0 7. Bd3 d5 8. 0-0 h6 9. Bf4 dxc4 10. Bxc4 Bd6 11. Ne5 Nc6 12. Qe2 Qe7 13. Ba6 Bxa6 14. Qxa6 Bxe5 15. dxe5 Nh5 16. Qc4 Nxf4 17. exf4 Na5 18. Qe4 c5 19. Rad1 Rad8 20. Nb5 a6 21. Nd6 Rd7 22. b4 Nb7 23. Nxb7 Rxb7 24. bxc5 bxc5 25. Rd6 Rb4 26. Qe3 Qa7 27. Rfd1 a5 28. Rd7 Qxd7 0-1

[Event "Stara Lubovna op"]
[Site "Stara Lubovna"]
[Date "2014.04.12"]
[Round "7"]
[White "Cisarik, Pavol"]
[Black "Bujna, Martin"]
[Result "1/2-1/2"]
[WhiteElo "1783"]
[BlackElo "1414"]
[PlyCount "70"]
[EventDate "2014.04.06"]
[EventType "swiss"]
[EventRounds "7"]
[EventCountry "SVK"]
[SourceTitle "CBM 160 Extra"]
[Source "ChessBase"]
[SourceDate "2014.07.01"]
[SourceVersion "1"]
[SourceVersionDate "2014.07.01"]
[SourceQuality "1"]

1. e4 e6 2. d4 d5 3. Nd2 c5 4. Ngf3 dxe4 5. Nxe4 cxd4 6. Qxd4 Qxd4 7. Nxd4 Bd7 8. Be3 e5 9. Nb5 Bxb5 10. Bxb5+ Nc6 11. 0-0-0 a6 12. Bxc6+ bxc6 13. Nd6+ Bxd6 14. Rxd6 Ne7 15. Rhd1 0-0 16. Bc5 Rfc8 17. c4 Ng6 18. g3 Nf8 19. Re1 f6 20. f4 exf4 21. gxf4 Kf7 22. f5 g6 23. fxg6+ hxg6 24. Rd3 Re8 25. Rxe8 Rxe8 26. Bxf8 Rxf8 27. Rd6 Rh8 28. Rxc6 Rxh2 29. Rxa6 g5 30. c5 g4 31. c6 g3 32. Ra7+ Kg6 33. Ra8 Rh7 34. Ra3 Rh1+ 35. Kd2 Rh2+ 1/2-1/2

[Event "Stara Lubovna op"]
[Site "Stara Lubovna"]
[Date "2014.04.11"]
[Round "6"]
[White "Bujna, Martin"]
[Black "Nemsak, Denis"]
[Result "0-1"]
[WhiteElo "1414"]
[BlackElo "1936"]
[PlyCount "84"]
[EventDate "2014.04.06"]
[EventType "swiss"]
[EventRounds "7"]
[EventCountry "SVK"]
[SourceTitle "CBM 160 Extra"]
[Source "ChessBase"]
[SourceDate "2014.07.01"]
[SourceVersion "1"]
[SourceVersionDate "2014.07.01"]
[SourceQuality "1"]

1. d4 f5 2. g3 g6 3. c4 Bg7 4. Bg2 Nf6 5. Nc3 0-0 6. Nf3 d6 7. 0-0 Qe8 8. d5 Na6 9. Bg5 c5 10. Qc1 Nc7 11. Bh6 Bd7 12. Bxg7 Kxg7 13. Re1 a6 14. b3 b5 15. e4 fxe4 16. Nxe4 Nxe4 17. Rxe4 Bf5 18. Rh4 h5 19. Qg5 Bg4 20. Rxg4 hxg4 21. Qxg4 Qc8 22. Qe4 e5 23. dxe6 Qxe6 24. Qd3 Qf6 25. Rd1 Rad8 26. Rd2 d5 27. cxb5 axb5 28. h4 c4 29. Qc2 Ne6 30. bxc4 bxc4 31. Re2 Rc8 32. Re5 Nd4 33. Qc3 Qxe5 34. Qxd4 Qxd4 35. Nxd4 c3 36. Nc2 Rfd8 37. Bf1 Rb8 38. Bd3 Rb1+ 39. Kg2 Rd1 40. Nb4 Rb8 41. Bc2 Rxb4 42. Bxd1 Rb2 0-1

[Event "Stara Lubovna op"]
[Site "Stara Lubovna"]
[Date "2014.04.09"]
[Round "4"]
[White "Bujna, Martin"]
[Black "Slaby, Jozef"]
[Result "1/2-1/2"]
[WhiteElo "1414"]
[BlackElo "1870"]
[PlyCount "132"]
[EventDate "2014.04.06"]
[EventType "swiss"]
[EventRounds "7"]
[EventCountry "SVK"]
[SourceTitle "CBM 160 Extra"]
[Source "ChessBase"]
[SourceDate "2014.07.01"]
[SourceVersion "1"]
[SourceVersionDate "2014.07.01"]
[SourceQuality "1"]

1. e4 c6 2. d4 d5 3. exd5 cxd5 4. Nf3 Nf6 5. Bf4 Nc6 6. Nbd2 a6 7. c3 Bg4 8. Bd3 e6 9. 0-0 Bd6 10. Bxd6 Qxd6 11. Qb3 Rb8 12. Rfe1 0-0 13. Ne5 Qc7 14. h3 Bh5 15. Qc2 Rfc8 16. Rac1 Qd6 17. Qb1 b5 18. a3 a5 19. Nxc6 Rxc6 20. Nb3 Qc7 21. Nc5 Qf4 22. Re5 Bg6 23. Bxg6 hxg6 24. g3 Qh6 25. Kg2 b4 26. axb4 axb4 27. Qc2 bxc3 28. bxc3 Rbc8 29. Re3 g5 30. g4 Ne8 31. f3 Nd6 32. Qd3 Nc4 33. Re2 R6c7 34. Na6 Re7 35. Nc5 Qf6 36. Rce1 Rce8 37. Qc2 e5 38. dxe5 Rxe5 39. Nd7 Rxe2+ 40. Rxe2 Rxe2+ 41. Qxe2 Qe6 42. Qxe6 fxe6 43. Kf2 Kf7 44. Nc5 Ke7 45. Ke2 Kd6 46. Nd3 Ne5 47. Nf2 Kc5 48. Ke3 Kc4 49. Nd1 Ng6 50. Kd2 Ne5 51. Ke3 Kb3 52. f4 Nc4+ 53. Kf3 Kc2 54. Nf2 Kxc3 55. fxg5 e5 56. h4 Kd4 57. h5 e4+ 58. Ke2 Ne5 59. h6 gxh6 60. gxh6 Ng6 61. h7 Ke5 62. Nh3 Kf6 63. Ke3 Kg7 64. Kd4 Kxh7 65. Ng5+ Kg7 66. Nxe4 dxe4 1/2-1/2

[Event "Stara Lubovna op"]
[Site "Stara Lubovna"]
[Date "2014.04.07"]
[Round "2"]
[White "Macko, Michal"]
[Black "Bujna, Martin"]
[Result "1/2-1/2"]
[WhiteElo "2201"]
[BlackElo "1414"]
[PlyCount "74"]
[EventDate "2014.04.06"]
[EventType "swiss"]
[EventRounds "7"]
[EventCountry "SVK"]
[SourceTitle "CBM 160 Extra"]
[Source "ChessBase"]
[SourceDate "2014.07.01"]
[SourceVersion "1"]
[SourceVersionDate "2014.07.01"]
[SourceQuality "1"]

1. e4 e5 2. Nf3 Nf6 3. Nxe5 d6 4. Nf3 Nxe4 5. Nc3 d5 6. d4 Bb4 7. Bd2 Nxd2 8. Qxd2 0-0 9. 0-0-0 Bf5 10. Rg1 Nd7 11. g4 Be4 12. Ng5 Bxc3 13. bxc3 Nb6 14. c4 h6 15. Nxe4 dxe4 16. c5 Nd5 17. c4 Ne7 18. g5 hxg5 19. Rxg5 Ng6 20. Bh3 Qf6 21. Rf5 Qa6 22. Bf1 Nh4 23. Rh5 Nf3 24. Qc2 f5 25. Be2 Rad8 26. Bxf3 Qa3+ 27. Kb1 Qxf3 28. Rg5 Rf7 29. Rg3 Qh5 30. Qb3 f4 31. Rgg1 c6 32. d5 cxd5 33. cxd5 Qf5 34. Kb2 Qe5+ 35. Kb1 Qf5 36. Kb2 Qe5+ 37. Kb1 Qf5 1/2-1/2